000 00307nam a2200133Ia 4500
005 20251222143132.0
008 251222s9999||||xx |||||||||||||| ||spa||
082 _a985.86/H43
100 _aHernández, Max
245 0 _aEntre el Mito y la Historia
250 _a1ra.ed
264 _bAusonia
942 _cLIB
999 _c11957
_d11957